Secretario de ayuntamiento (Record no. 50496)

MARC details
000 -LEADER
campo de control de longitud fija 00610nam a2200157 i 4500
001 - NÚMERO DE CONTROL
campo de control 50496
003 - IDENTIFICADOR DE NÚMERO DE CONTROL
campo de control ES-MaACL
005 - FECHA Y HORA DE LA ÚLTIMA TRANSACCIÓN
campo de control 20230906162206.0
007 - CAMPO FIJO DE DESCRIPCIÓN FÍSICA--INFORMACIÓN GENERAL
campo de control de longitud fija t|
008 - DATOS DE LONGITUD FIJA--INFORMACIÓN GENERAL
campo de control de longitud fija 030805s1948 sp ||||1| spa d
100 1# - ENTRADA PRINCIPAL--NOMBRE DE PERSONA
Nombre de persona Cuadrillero Escalera, Antonio.
9 (RLIN) 41906
245 10 - MENCIÓN DEL TÍTULO
Título Secretario de ayuntamiento
Resto del título : 3ª categoría : contestaciones al programa del 1er ejercicio de la oposición convocada por orden de 18 de mayo de 1948 /
Mención de responsabilidad, etc. adaptadas por Antonio Cuadrillero Escalera.
260 ## - PUBLICACIÓN, DISTRIBUCIÓN, ETC.
Lugar de publicación, distribución, etc. Madrid :
Nombre del editor, distribuidor, etc. El Consultor de los Ayuntamientos,
Fecha de publicación, distribución, etc. 1948.
300 ## - DESCRIPCIÓN FÍSICA
Extensión 110 p. ;
Dimensiones 21 cm.
852 ## - LOCALIZACIÓN
Ubicación ES-MaACL
Número de control de estantería 1886-F-4
Sublocalización o colección R.26081
Holdings
Estatus retirado Estado de pérdida Estado de daño No para préstamo Colección Biblioteca de origen Biblioteca actual Ubicación en estantería Fecha de adquisición Fuente de adquisición Total de préstamos Signatura topográfica completa Código de barras Visto por última vez Precio de reemplazo Tipo de ítem Koha
        Colección de folletos Biblioteca del Ateneo de Madrid Biblioteca del Ateneo de Madrid Depósito folletos 17/01/2008     1886-F-4 1053117 23/02/2023 23/02/2023 Folleto